[Event "Moscow op-A 16th"]
[Site "Moscow"]
[Date "2020.01.26"]
[Round "2"]
[White "Pavlov, Sergey1111"]
[Black "Bulavin, Alexander"]
[Result "0-1"]
[WhiteElo "2490"]
[BlackElo "2310"]
[PlyCount "80"]
[EventDate "2020.01.25"]
[EventType "swiss"]
[EventRounds "9"]
[EventCountry "RUS"]
[SourceTitle "CBM 194 Extra"]
[Source "ChessBase"]
[SourceDate "2020.03.31"]
[SourceVersion "1"]
[SourceVersionDate "2020.03.31"]
[SourceQuality "1"]

1. Nf3 Nf6 2. d4 e6 3. e3 b6 4. Bd3 Bb7 5. 0-0 Be7 6. c4 0-0 7. Nc3 d5 8. cxd5 exd5 9. b3 Nbd7 10. Bb2 a6 11. Rc1 Bd6 12. Qc2 Qe7 13. Ne2 Rac8 14. Bf5 g6 15. Bh3 c6 16. Ne5 Rc7 17. f4 Nb8 18. Ng3 Bc8 19. Bxc8 Rfxc8 20. Qe2 c5 21. dxc5 Bxc5 22. Kh1 Ba3 23. Rxc7 Rxc7 24. Bd4 Bc5 25. Ba1 Ba3 26. Qd3 b5 27. e4 dxe4 28. Nxe4 Nxe4 29. Qxe4 Nc6 30. Qd5 Nxe5 31. Bxe5 Qd7 32. Qf3 Rc8 33. h3 Qc6 34. Qd3 Qc2 35. Qd7 Qc6 36. Qd3 Qc2 37. Qd7 Qc6 38. Rd1 Bf8 39. Kh2 Qxd7 40. Rxd7 Rc6 0-1

[Event "Moscow op-A 16th"]
[Site "Moscow"]
[Date "2020.01.25"]
[Round "1"]
[White "Bulavin, Alexander"]
[Black "Koryakov, Sergey"]
[Result "1-0"]
[WhiteElo "2310"]
[BlackElo "1942"]
[PlyCount "83"]
[EventDate "2020.01.25"]
[EventType "swiss"]
[EventRounds "9"]
[EventCountry "RUS"]
[SourceTitle "CBM 194 Extra"]
[Source "ChessBase"]
[SourceDate "2020.03.31"]
[SourceVersion "1"]
[SourceVersionDate "2020.03.31"]
[SourceQuality "1"]

1. d4 c6 2. e4 d5 3. exd5 cxd5 4. Bd3 Nc6 5. c3 Nf6 6. h3 e5 7. dxe5 Nxe5 8. Nf3 Nxd3+ 9. Qxd3 Be7 10. 0-0 0-0 11. Be3 Qc7 12. Nbd2 Re8 13. Rfe1 Bd7 14. Bd4 Qf4 15. Be5 Qf5 16. Qxf5 Bxf5 17. Nd4 Bd7 18. a4 a6 19. a5 Kf8 20. f3 Bc8 21. b4 Bd7 22. N2b3 Rac8 23. Nc5 Bxc5 24. bxc5 Rxe5 25. Rxe5 Rxc5 26. Re3 Ne8 27. Nb3 Rb5 28. Nd2 Rc5 29. Re5 Rxc3 30. Rxd5 Nf6 31. Rd4 Rc5 32. Ne4 Rd5 33. Rad1 Rxd4 34. Rxd4 Bc6 35. Nxf6 gxf6 36. Rd8+ Kg7 37. Kf2 f5 38. Ke3 Bb5 39. Kf4 Bf1 40. Rd1 Be2 41. Rd2 Bc4 42. Kxf5 1-0

[Event "Chigorin Memorial 27th"]
[Site "St Petersburg"]
[Date "2019.10.07"]
[Round "3"]
[White "Kardashevskiy, Evgeny"]
[Black "Bulavin, Alexander"]
[Result "1/2-1/2"]
[WhiteElo "2428"]
[BlackElo "2256"]
[PlyCount "184"]
[EventDate "2019.10.05"]
[EventType "swiss"]
[EventRounds "9"]
[EventCountry "RUS"]
[SourceTitle "EXT 2020"]
[Source "ChessBase"]
[SourceDate "2019.10.17"]
[SourceVersion "1"]
[SourceVersionDate "2019.10.17"]
[SourceQuality "1"]

1. d4 Nf6 2. Nf3 e6 3. c4 Bb4+ 4. Nbd2 0-0 5. a3 Bxd2+ 6. Qxd2 d6 7. e3 Qe7 8. Be2 e5 9. Qc2 Bg4 10. dxe5 dxe5 11. 0-0 Nbd7 12. h3 Bh5 13. b4 e4 14. Nd4 Bxe2 15. Nxe2 Ne5 16. Bb2 Nd3 17. Rad1 c5 18. Bxf6 Qxf6 19. Nc3 Qe5 20. Nxe4 Qxe4 21. Qxd3 Qe5 22. Qd5 Qb2 23. bxc5 Qxa3 24. Ra1 Qc3 25. Qxb7 a5 26. Rfc1 Qe5 27. Qd5 Qc7 28. Qd6 Rfc8 29. Qxc7 Rxc7 30. Ra4 Rxc5 31. Kf1 Rb8 32. Rc2 Kf8 33. Ke2 Rb3 34. Kd2 Ke7 35. Rca2 g6 36. Kc2 Rb7 37. Rb2 Rbc7 38. Kd3 Rd7+ 39. Kc3 Rd1 40. Rb5 Rc1+ 41. Kd3 R1xc4 42. Rb7+ Rc7 43. Rxc7+ Rxc7 44. Rxa5 h5 45. Ke4 Rc2 46. Kf3 Kf6 47. h4 Rb2 48. Ra1 Rc2 49. Re1 Ke5 50. Re2 Rc3 51. Kg3 Ra3 52. f3 Ra1 53. Rb2 Kf6 54. Kf4 Rh1 55. g3 Rf1 56. e4 Kg7 57. Rb6 Rf2 58. Rd6 Rf1 59. e5 Re1 60. Rd4 Re2 61. Re4 Rg2 62. Rb4 Re2 63. Rb5 Re1 64. Rb2 Rg1 65. Re2 Ra1 66. Ke3 Ra3+ 67. Kf2 Rb3 68. f4 Ra3 69. Re3 Ra1 70. Kf3 Ra4 71. Rd3 Rb4 72. g4 hxg4+ 73. Kxg4 Rb1 74. Rd7 Rg1+ 75. Kf3 Re1 76. Rc7 Kf8 77. Rc2 Rh1 78. Kg3 Ke7 79. Rh2 Rg1+ 80. Rg2 Rf1 81. Kg4 f6 82. Ra2 fxe5 83. fxe5 Rf5 84. Ra7+ Kf8 85. e6 Re5 86. Rf7+ Kg8 87. Ra7 Rxe6 88. Kg5 Rb6 89. Kh6 Rc6 90. Rg7+ Kf8 91. Kh7 Rc4 92. Rg8+ Kf7 1/2-1/2

[Event "Kirov Shakhov Memorial-A 2nd"]
[Site "Kirov"]
[Date "2015.01.02"]
[Round "9"]
[White "Rakhmangulova, Anastasiya"]
[Black "Bulavin, Alexander"]
[Result "0-1"]
[WhiteElo "2161"]
[BlackElo "2221"]
[PlyCount "52"]
[EventDate "2014.12.27"]
[EventType "tourn"]
[EventRounds "9"]
[EventCountry "RUS"]
[SourceTitle "CBM 164 Extra"]
[Source "ChessBase"]
[SourceDate "2015.03.02"]
[SourceVersion "1"]
[SourceVersionDate "2015.03.02"]
[SourceQuality "1"]

1. e4 d5 2. exd5 Qxd5 3. Nc3 Qd8 4. d4 Nf6 5. Nf3 Bg4 6. h3 Bxf3 7. Qxf3 c6 8. g4 e6 9. g5 Nd5 10. Nxd5 Qxd5 11. Qxd5 cxd5 12. Bf4 Nc6 13. 0-0-0 h6 14. gxh6 g6 15. c4 Bxh6 16. Bxh6 Rxh6 17. cxd5 exd5 18. Bg2 0-0-0 19. Rhe1 Rh4 20. Kb1 Rf4 21. Rd2 Kc7 22. Re3 Kd6 23. Rg3 Re8 24. Re3 Rxf2 25. Rxf2 Rxe3 26. Rd2 Nb4 0-1

[Event "Kirov Arakelian Memorial-A 4th"]
[Site "Kirov"]
[Date "2014.04.30"]
[Round "1"]
[White "Bulavin, Alexander"]
[Black "Tsarukian, Elis"]
[Result "1/2-1/2"]
[WhiteElo "2189"]
[BlackElo "2202"]
[PlyCount "44"]
[EventDate "2014.04.30"]
[EventType "tourn"]
[EventRounds "9"]
[EventCountry "RUS"]
[EventCategory "1"]
[SourceTitle "CBM 160 Extra"]
[Source "ChessBase"]
[SourceDate "2014.07.01"]
[SourceVersion "1"]
[SourceVersionDate "2014.07.01"]
[SourceQuality "1"]

1. e4 c5 2. Nf3 Nc6 3. Bb5 e5 4. Bxc6 dxc6 5. d3 Bd6 6. Nbd2 Be6 7. Nc4 f6 8. Nh4 Ne7 9. Qh5+ Bf7 10. Qg4 g6 11. Bh6 Ng8 12. Be3 Be7 13. g3 h5 14. Qe2 Nh6 15. h3 Qd7 16. Qd2 g5 17. Ng2 Be6 18. h4 Nf7 19. f3 0-0-0 20. Qa5 b6 21. Nxb6+ axb6 22. Qa8+ Kc7 1/2-1/2